[Event "2nd ch-EUR Women"]
[Site "Warsaw POL"]
[Date "2001.04.23"]
[Round "2"]
[White "Peng Zhaoqin"]
[Black "Javakhishvili,L"]
[Result "1/2-1/2"]
[WhiteElo "2391"]
[BlackElo "2304"]

1.Nf3 Nf6 2.c4 c5 3.g3 b6 4.Bg2 Bb7 5.O-O g6 6.Nc3 Bg7 7.Re1 d6 8.d4 cxd4
9.Qxd4 Nbd7 10.b3 Rc8 11.Bb2 O-O 12.Rac1 Rc5 13.Qd2 Qa8 14.Nh4 Bxg2 15.Nxg2 Ne4
16.Nxe4 Qxe4 17.Bxg7 Kxg7 18.Nf4 Nf6 19.Qd3 Qb7 20.e4 Rfc8 21.a4 a6 22.b4 R5c7
23.Nd5 Nxd5 24.exd5 Kg8 25.Qd4 b5 26.axb5 axb5 27.c5 Qa7 28.Qd3 dxc5 29.Qxb5 Rb8
30.Qa5 Qxa5 31.bxa5 Ra8 32.Ra1 Rca7 33.a6 Rxa6 34.Rac1 Rd6 35.Rxc5 Ra7 36.Kg2 Rad7
37.Re3 Kf8 38.Rd3 e6 39.dxe6 Rxd3 40.exd7 Rxd7  1/2-1/2

[Event "Golden Cleopatra Open"]
[Site "Cairo EGY"]
[Date "2001.05.05"]
[Round "4"]
[White "Radulov,I"]
[Black "Rausis,I"]
[Result "1/2-1/2"]
[WhiteElo "2390"]
[BlackElo "2500"]

1.Nf3 Nf6 2.g3 b6 3.Bg2 Bb7 4.O-O c5 5.c4 g6 6.b3 Bg7 7.Bb2 O-O 8.Nc3 Nc6
9.d4 Nxd4 10.Nxd4 Bxg2 11.Kxg2 cxd4  1/2-1/2

[Event "XXXVI Capablanca Mem Elite"]
[Site "Havana CUB"]
[Date "2001.05.06"]
[Round "2"]
[White "Andersson,U"]
[Black "Hauchard,A"]
[Result "1/2-1/2"]
[WhiteElo "2640"]
[BlackElo "2526"]

1.Nf3 c5 2.c4 Nf6 3.g3 b6 4.Bg2 Bb7 5.O-O g6 6.b3 Bg7 7.Bb2 O-O 8.Nc3 Nc6
9.d4 Nxd4 10.Nxd4 Bxg2 11.Kxg2 cxd4 12.Qxd4 Qc8 13.Nd5 Qb7 14.f3 d6 15.e4 Ne8
16.Qd2 Bxb2 17.Qxb2 e6 18.Nc3 a6 19.a4 Qc7 20.Ne2 Rb8 21.Rfd1 Ng7 22.Qd2 Rfd8
23.Nf4 Ne8 24.Rac1 Qe7 25.Rc3 Rdc8 26.Nd3 b5 27.cxb5 axb5 28.Rxc8 Rxc8 29.axb5 Rb8
30.b4 Nc7 31.Rc1  1/2-1/2

[Event "TCh-NED Playoffs"]
[Site "Breda NED"]
[Date "2001.05.24"]
[Round "1"]
[White "Hausrath,D"]
[Black "Van Wely,L"]
[Result "0-1"]
[WhiteElo "2441"]
[BlackElo "2670"]

1.Nf3 Nf6 2.c4 c5 3.g3 b6 4.Bg2 Bb7 5.O-O g6 6.Nc3 Bg7 7.d4 cxd4 8.Qxd4 d6
9.Bg5 Nbd7 10.Rfd1 a6 11.Rac1 O-O 12.Qh4 Rc8 13.Ne1 Bxg2 14.Nxg2 Rc5 15.Ne3 h6
16.Bxf6 Nxf6 17.Ncd5 Nxd5 18.Nxd5 g5 19.Qe4 e6 20.Nc3 Qc7 21.Na4 Rc6 22.Qe3 Rc8
23.Rb1 Rb8 24.b3 b5 25.cxb5 axb5 26.Nb2 Rc2 27.Nd3 Qa5 28.a4 bxa4 29.bxa4 Rxb1
30.Rxb1 Qxa4 31.Rb8+ Kh7 32.Qf3 f5 33.Qb7 Rxe2 34.Qf7 Qd1+ 35.Kg2 Qxd3  0-1

[Event "Open"]
[Site "Pula CRO"]
[Date "2001.05.24"]
[Round "7"]
[White "Sulava,N"]
[Black "Papp,Ga"]
[Result "1-0"]
[WhiteElo "2526"]
[BlackElo "2229"]

1.Nf3 Nf6 2.g3 b6 3.Bg2 Bb7 4.c4 c5 5.O-O g6 6.Nc3 Bg7 7.d4 cxd4 8.Qxd4 Nc6
9.Qh4 O-O 10.Bh6 Rc8 11.Rfd1 Nb8 12.b3 d6 13.Bxg7 Kxg7 14.e4 Nbd7 15.e5 dxe5
16.Nxe5 Bxg2 17.Nxd7 Nxd7 18.Kxg2 e6 19.Nb5 a6 20.Qd4+ Qf6 21.Nd6 Rb8 22.Ne4 Qxd4
23.Rxd4 Nc5 24.Nxc5 bxc5 25.Rd7 a5 26.Rad1 a4 27.R1d3 axb3 28.axb3 h5 29.h4 Rfc8
30.Rf3 Rf8 31.Rc7 Rbc8 32.Rfxf7+ Rxf7 33.Rxc8 Rb7 34.Rxc5 Rxb3 35.Rc8 Rc3
36.c5 e5 37.f3 Rc4 38.c6 Rc2+ 39.Kf1 Kf7 40.Ke1 Kg7 41.Kd1 Rc4 42.Kd2 e4
43.fxe4 Rxe4 44.Kd3 Re1 45.Kd4 Rc1 46.Kd5 Rd1+ 47.Ke6 Re1+ 48.Kd6 Rd1+ 49.Kc7 Rd3
50.Rd8 Rxg3 51.Rd5 g5 52.Kd6 gxh4 53.c7 Rg6+ 54.Kd7  1-0

[Event "2nd IECC"]
[Site "Ohrid MKD"]
[Date "2001.06.02"]
[Round "2"]
[White "Chuchelov,V"]
[Black "Nikolic,Pr"]
[Result "1/2-1/2"]
[WhiteElo "2550"]
[BlackElo "2652"]

1.Nf3 Nf6 2.c4 b6 3.g3 c5 4.Bg2 Bb7 5.O-O g6 6.Nc3 Bg7 7.d4 cxd4 8.Qxd4 d6
9.Be3 Nbd7 10.Rac1 Rc8 11.b3 a6 12.Rfd1 O-O 13.Qd2 Re8 14.Bh3 Qc7 15.Ne1 Qb8
16.Nc2 Red8 17.Nb4 e6 18.Bf4 Ne5 19.Qe3 Ba8 20.f3 Nc6 21.Nxc6 Rxc6 22.a4 Qb7
23.Rd3 d5 24.Be5 Qe7 25.Rcd1 Re8 26.Bxf6 Bxf6 27.cxd5 Rxc3 28.Rxc3 Bxc3 29.Qxc3 exd5
30.Rd2 Bb7 31.Kf2 a5 32.Qd4 Qc7 33.e3 Re7 34.Bg2 Qc1 35.f4 Rc7 36.Bxd5 Ba6
37.g4 Qf1+ 38.Kg3 Qe1+ 39.Rf2 Rc3 40.Bxf7+  1/2-1/2

[Event "2nd IECC"]
[Site "Ohrid MKD"]
[Date "2001.06.02"]
[Round "2"]
[White "Sargissian,G"]
[Black "Kocovski,I"]
[Result "1-0"]
[WhiteElo "2517"]
[BlackElo "2324"]

1.Nf3 Nf6 2.c4 b6 3.g3 c5 4.Bg2 Bb7 5.O-O g6 6.Nc3 Bg7 7.e3 O-O 8.d4 Ne4
9.Bd2 d6 10.d5 Nxd2 11.Nxd2 Na6 12.h4 Nc7 13.a4 a6 14.Qc2 Bc8 15.Rab1 b5
16.b3 Bd7 17.h5 Rb8 18.hxg6 hxg6 19.Be4 Ne8 20.cxb5 axb5 21.Nxb5 Bxb5 22.axb5 Rxb5
23.Kg2 Qa8 24.Rh1 Rb4 25.Nc4 Nc7 26.Bf3 Nxd5 27.Rbd1 e6 28.Nxd6 Qb8 29.Qxc5 Nc3
30.Rd4 Rxd4 31.exd4 Qxb3 32.Nc8 Bf6 33.Ne7+ Kg7 34.d5 exd5 35.Qe3 Bxe7 36.Qxe7 Qb8
37.Qh4 Ne4 38.Qh6+ Kf6 39.Rh4 Qb4 40.Rf4+ Ke5 41.Qg7+ f6 42.Qxg6 f5 43.Bg4 fxg4
44.Qg7+ Rf6 45.Qxf6+ Nxf6 46.Rxb4 d4 47.Kf1 Ke4 48.Ke2 Nd7 49.Rb7 Ne5 50.Re7 Kd5
51.Re8 Ke4 52.Rf8 Kd5 53.Rf4 Kc4 54.Kd2 Kd5 55.Kd1 Kc4 56.Kc2 Kc5 57.f3 gxf3
58.g4 Kd5 59.g5 Ke6 60.Kd2 Ke7 61.Re4 Kd6 62.Rxd4+ Ke6 63.Rf4 f2 64.Rxf2 Nd7
65.g6 Nf6 66.g7  1-0

[Event "2nd IECC"]
[Site "Ohrid MKD"]
[Date "2001.06.06"]
[Round "6"]
[White "Pigusov,E"]
[Black "Cvitan,O"]
[Result "1/2-1/2"]
[WhiteElo "2584"]
[BlackElo "2526"]

1.Nf3 c5 2.c4 Nf6 3.g3 b6 4.Bg2 Bb7 5.O-O g6 6.d4 cxd4 7.Qxd4 Bg7 8.Nc3 d6
9.Rd1 Nbd7 10.Be3 O-O 11.Qh4 Rc8 12.Rac1 a6 13.b3 Rc7 14.Ne1 Bxg2 15.Nxg2 Qb8
16.Nf4 e6 17.Nd3 Rfc8 18.Bf4 Bf8 19.a4 Qb7 20.g4 Ne4 21.Nxe4 Qxe4  1/2-1/2

[Event "Open"]
[Site "Estensi ITA"]
[Date "2001.06.09"]
[Round "8"]
[White "Lagrotteria,S"]
[Black "Genocchio,D"]
[Result "0-1"]
[WhiteElo "2201"]
[BlackElo "2278"]

1.Nf3 c5 2.g3 b6 3.c4 Bb7 4.Bg2 Nf6 5.O-O g6 6.b3 Bg7 7.Bb2 O-O 8.d3 a6 9.e3 Ra7
10.Qe2 d6 11.Nc3 Nbd7 12.Rad1 b5 13.e4 b4 14.Nd5 Ne8 15.Bxg7 Nxg7 16.d4 e6
17.Nf4 cxd4 18.h4 e5 19.Nd3 a5 20.Bh3 f5 21.Nd2 Nf6 22.Bg2 Re8 23.Ra1 Qa8
24.f3 Ne6 25.a3 Nh5 26.Qf2 f4 27.g4 Ng3 28.Rfb1 bxa3 29.Rxa3 Qd8 30.b4 Qxh4
31.Rxa5 Rea8 32.Nb3 Ng5 33.Re1 Bc8 34.Rea1 Rxa5 35.Rxa5 Rxa5 36.bxa5 Bxg4
37.fxg4 f3 38.a6 fxg2 39.Qxg2 Nh3+  0-1

[Event "2nd IECC"]
[Site "Ohrid MKD"]
[Date "2001.06.10"]
[Round "9"]
[White "Akopian,V"]
[Black "Greenfeld,A"]
[Result "0-1"]
[WhiteElo "2654"]
[BlackElo "2570"]

1.c4 Nf6 2.Nf3 c5 3.g3 b6 4.Bg2 Bb7 5.O-O g6 6.d4 cxd4 7.Qxd4 Bg7 8.Nc3 d6
9.Be3 Nbd7 10.Rac1 a6 11.Nd5 Rb8 12.Qd2 O-O 13.Nd4 b5 14.Nxf6+ Bxf6 15.cxb5 axb5
16.Bh6 Bg7 17.Bxg7 Kxg7 18.Bxb7 Rxb7 19.Nc6 Qe8 20.Na5 Rb6 21.Rc7 e5 22.Nb7 Qe6
23.Rd1 Nf6 24.Nxd6 Kg8 25.Nb7 Qxa2 26.Nc5 Qa8 27.b4 Rc6 28.Re7 Re8 29.Rxe8+ Qxe8
30.Qd3 Kg7 31.Qxb5 Rd6 32.Ne6+ Qxe6 33.Ra1 Rd5 34.Qa4 Qh3 35.f3 e4 36.Qa7 exf3  0-1

[Event "Hotel Lippa IM"]
[Site "Szentgotthard HUN"]
[Date "2001.06.14"]
[Round "2"]
[White "Pilz,D"]
[Black "Kiss,At"]
[Result "0-1"]
[WhiteElo "2307"]
[BlackElo "2346"]

1.Nf3 c5 2.g3 b6 3.Bg2 Bb7 4.O-O Nf6 5.c4 g6 6.b3 Bg7 7.Bb2 O-O 8.Nc3 Na6
9.d4 d5 10.cxd5 Nxd5 11.Nxd5 Qxd5 12.e4 Qd7 13.e5 Rad8 14.dxc5 Nxc5 15.Qxd7 Rxd7
16.Rad1 Rfd8 17.Rxd7 Rxd7 18.b4 Ne6 19.h4 h6 20.Rc1 g5 21.hxg5 hxg5 22.Rc2 Kh7
23.Kh2 Kg6 24.a3 Kh5 25.Ne1 Bxg2 26.Kxg2 g4 27.f3 gxf3+ 28.Nxf3 Bh6 29.Rc4 Bg5
30.Rc2 Rd3 31.Rf2 Be3 32.Re2 Kg4 33.Nh2+ Kf5 34.Nf3 b5 35.Rc2 Rb3 36.Re2 Rd3
37.Rc2 Ke4 38.Re2 Kd5 39.Rc2 a6 40.Re2 Kc4 41.Nh4 Kb3 42.Nf3 Bh6 43.Kf2 Rd1
44.Kg2 Kc4 45.Rc2+ Kd3 46.Rc6 Be3 47.Rc3+ Ke4 48.Rc2 Rb1 49.Nh2 Rg1+ 50.Kh3 Rd1
51.Kg4 Rd2 52.Rxd2 Bxd2 53.Nf3 Kd3 54.Nxd2 Kxd2 55.Kf5 Kc2 56.Ba1 Kb3 57.Ke4 Kxa3
58.Bc3 Kb3 59.Be1 Kc4 60.g4 Nf8 61.Kf5 Kd5 62.Bh4 e6+  0-1

[Event "Narciso Yepes"]
[Site "Lorca ESP"]
[Date "2001.06.28"]
[Round "6"]
[White "Foisor,C"]
[Black "Giardelli,S"]
[Result "0-1"]
[WhiteElo "2408"]
[BlackElo "2438"]

1.Nf3 Nf6 2.c4 c5 3.g3 b6 4.Bg2 Bb7 5.O-O g6 6.b3 Bg7 7.Bb2 O-O 8.d3 d5 9.cxd5 Qxd5
10.Nc3 Qd8 11.a3 Nc6 12.Qb1 Qd7 13.Na4 Ne8 14.Rc1 e5 15.b4 Nd4 16.Bxd4 cxd4
17.Qb3 Nd6 18.Nb2 Rfe8 19.a4 e4 20.Ne1 Rac8 21.Nd1 h5 22.b5 h4 23.Rxc8 Qxc8
24.Qa3 Qd7 25.Rc1 e3 26.fxe3 hxg3 27.hxg3 Bxg2 28.Kxg2 Bh6 29.Rc6 Qg4 30.Nf3 Nf5
31.e4 Qxg3+ 32.Kh1 Qh3+ 33.Kg1 Ne3  0-1

[Event "Open"]
[Site "Andorra AND"]
[Date "2001.07.02"]
[Round "3"]
[White "Rotstein,A"]
[Black "Colovic,A"]
[Result "1-0"]
[WhiteElo "2503"]
[BlackElo "2413"]

1.c4 c5 2.Nf3 Nf6 3.g3 b6 4.Bg2 Bb7 5.O-O g6 6.Nc3 Bg7 7.d4 cxd4 8.Qxd4 d6
9.Rd1 Nbd7 10.Nd5 b5 11.Ng5 h6 12.Ne4 O-O 13.Nexf6+ Nxf6 14.Bxh6 e5 15.Nxf6+ Qxf6
16.Bxg7 Kxg7 17.Qxd6 Bxg2 18.Kxg2 Qxd6 19.Rxd6 bxc4 20.Rc1 Rab8 21.Rc2 Rfc8
22.Ra6 Rc7 23.Kf3 g5 24.Kg4 Rh8 25.h3 e4 26.Kxg5 Rxh3 27.Kf4 Rh2 28.Ke3 Re7
29.Rc6 Rh5 30.R2xc4 Rhe5 31.R4c5  1-0

[Event "Sub-zt 2.3.2"]
[Site "Managua NCA"]
[Date "2001.07.02"]
[Round "3"]
[White "Vaglio,J"]
[Black "Valdes,Le"]
[Result "1/2-1/2"]
[WhiteElo "2217"]
[BlackElo "2387"]

1.Nf3 Nf6 2.c4 c5 3.g3 b6 4.Bg2 Bb7 5.O-O g6 6.d3 d5 7.cxd5 Nxd5 8.Bd2 Bg7
9.Nc3 O-O 10.Nxd5 Qxd5 11.Bc3 Na6 12.Qa4 Qd6 13.Nd2 Bxg2 14.Kxg2 Nc7 15.Qe4 b5
16.Bxg7 Kxg7 17.Nf3 f6 18.a4 a6 19.Rfc1 b4 20.d4 cxd4 21.Qxd4 Ne8  1/2-1/2

[Event "Sub-zt 2.3.2"]
[Site "Managua NCA"]
[Date "2001.07.03"]
[Round "4"]
[White "Jimenez,Ju"]
[Black "Urbina,R"]
[Result "1/2-1/2"]
[WhiteElo "2222"]
[BlackElo "2279"]

1.Nf3 Nf6 2.g3 b6 3.Bg2 Bb7 4.c4 c5 5.O-O g6 6.b3 Bg7 7.Bb2 O-O 8.d4 d6 9.Nc3 Nbd7
10.Qd2 Rb8 11.Rac1 a6 12.Rfd1 b5 13.cxb5 axb5 14.dxc5 Nxc5 15.b4 Nce4 16.Nxe4 Nxe4
17.Qc2 Rc8 18.Qb3 Qb6 19.e3 Nf6 20.Rxc8 Bxc8 21.Bd4 Qa6 22.Ng5 h6 23.Ne4 Be6
24.Nxf6+ Bxf6 25.Bd5 Bxd5 26.Qxd5 Bxd4 27.Rxd4 Rc8 28.h4 Rc1+ 29.Kg2 Qc6
30.Qxc6 Rxc6 31.Rd5 Rb6 32.Kf3 e6 33.Rd3 Ra6 34.a3 Rc6 35.Rd4  1/2-1/2

[Event "Open"]
[Site "Novosibirsk RUS"]
[Date "2001.07.21"]
[Round "3"]
[White "Shushpanov,R"]
[Black "Novikova,A"]
[Result "1-0"]
[WhiteElo "2436"]
[BlackElo "2211"]

1.Nf3 c5 2.c4 Nf6 3.g3 b6 4.Bg2 Bb7 5.O-O g6 6.Nc3 Bg7 7.d4 cxd4 8.Qxd4 d6
9.b3 Nbd7 10.Bb2 O-O 11.Rac1 Rc8 12.Qd3 Nc5 13.Qb1 Qd7 14.Rfd1 Nce4 15.Nxe4 Bxe4
16.Qa1 Qb7 17.Bd4 Ne8 18.Bh3 Rc7 19.Ng5 h6 20.Nxe4 Qxe4 21.Qb2 Bxd4 22.Rxd4 Qe5
23.Qd2 Qg7 24.Re1 Nf6 25.e4 Nh7 26.f4 h5 27.e5 dxe5 28.Rxe5 Nf6 29.Re1 e6
30.Rd1 Rcc8 31.Qe2 Rfe8 32.Bg2 Qf8 33.h3 Red8 34.Qe5 Kg7 35.Rd7 Qe8 36.R7d6 Rxd6
37.Qxd6 Qf8 38.Kf2 Qxd6 39.Rxd6 Kf8 40.Ke3 Ke7 41.Rd4 Ne8 42.Be4 Nd6 43.Bd3 a5
44.a3 Ra8 45.Kd2 Rc8 46.Kd1 f5 47.h4 Nb7 48.Kd2 Nd6 49.Be2 Rc5 50.Bd3 Rc7
51.Ke3 Nb7 52.Ke2 Nd6 53.Kd1 Rc5 54.Kd2 Rc7 55.Bc2 Rc5 56.Kc1  1-0

[Event "Czech Open"]
[Site "Pardubice CZE"]
[Date "2001.07.26"]
[Round "7"]
[White "Jurek,J"]
[Black "Stocek,J"]
[Result "1/2-1/2"]
[WhiteElo "2329"]
[BlackElo "2530"]

1.Nf3 Nf6 2.c4 c5 3.g3 b6 4.Bg2 Bb7 5.O-O g6 6.b3 Bg7 7.Bb2 O-O 8.Nc3 d6
9.d4 cxd4 10.Nxd4 Bxg2 11.Kxg2 Nbd7 12.e4 Re8 13.Qd2 a6 14.Rfe1 Qc7 15.f3 Rad8
16.Rad1 Qb7 17.Re2 e6 18.Qe1 h5 19.Nc2 Bf8 20.Ba3 Nc5 21.Bb2 Be7 22.h4 b5
23.cxb5 axb5 24.b4 Na6 25.a3 Nc7 26.Nd4 Nd7 27.Nb3 Ne5 28.Na5 Qa6 29.Rc2 Rc8
30.Ne2 Na8 31.Rxc8 Rxc8 32.Bxe5 dxe5 33.Rc1 Re8 34.Rc6 Qa7 35.Nc3 Qb8 36.Qe2 Nc7
37.Qe3 Qd8 38.Kf2 Qd7 39.Rb6 Ra8 40.Ke2 Bd8 41.Rb7 Qc8 42.Qd3 Kg7 43.Nxb5 Nxb5
44.Rxb5 Qc1 45.Nc4 Qg1 46.Rb7 Qg2+ 47.Kd1 Qxg3 48.Nd6 Bxh4 49.Rxf7+ Kg8 50.Rd7 Bg5
51.Kc2 Rf8 52.Qc4 Qf2+ 53.Kb1 Qe1+ 54.Kb2 Qd2+ 55.Kb1 Qd1+ 56.Ka2 Qd2+ 57.Kb1 Qe1+
58.Kb2 Qd2+  1/2-1/2

[Event "Open"]
[Site "Novosibirsk RUS"]
[Date "2001.07.29"]
[Round "11"]
[White "Yudin,S"]
[Black "Novikova,A"]
[Result "1-0"]
[WhiteElo "2288"]
[BlackElo "2211"]

1.c4 c5 2.Nf3 Nf6 3.g3 b6 4.Bg2 Bb7 5.O-O g6 6.d3 Bg7 7.e4 d6 8.Nc3 O-O 9.Ne1 Nc6
10.Be3 a6 11.Rb1 Nd7 12.Nc2 Rc8 13.Qd2 Nd4 14.Ne2 Nxc2 15.Qxc2 b5 16.b3 e6
17.Qd2 Ne5 18.h3 Qe7 19.Rbe1 f5 20.f4 Nc6 21.Bf2 Qf6 22.g4 Rb8 23.Kh2 Kh8
24.g5 Qb2 25.Qxb2 Bxb2 26.e5 Nxe5 27.fxe5 Bxe5+ 28.Bg3 Bxg3+ 29.Kxg3 Bxg2
30.Kxg2 e5 31.Nc3 Kg7 32.Nd5 h6 33.gxh6+ Kxh6 34.h4 Rb7 35.Kf3 Kg7 36.Rh1 Rh8
37.Reg1 Kf7 38.h5 Rxh5 39.Rxh5 gxh5 40.Rg5 f4 41.Rxh5 Kg6 42.Rh8 bxc4 43.dxc4 Rg7
44.Rd8 Kf5 45.Rf8+ Ke6 46.Ke4 Rg1 47.Rf6+ Kd7 48.Kf5 Rg7 49.Ke4 Rg1 50.Rf7+ Ke6
51.Re7+  1-0

[Event "US Open"]
[Site "Framingham USA"]
[Date "2001.08.06"]
[Round "3"]
[White "Donaldson,J"]
[Black "Epstein,E"]
[Result "1/2-1/2"]
[WhiteElo "2435"]
[BlackElo "2185"]

1.Nf3 Nf6 2.c4 b6 3.g3 c5 4.Bg2 Bb7 5.O-O g6 6.Nc3 Bg7 7.d4 cxd4 8.Qxd4 d6
9.Rd1 Nbd7 10.Be3 O-O 11.Qh4 a6 12.Bh6 Re8 13.Bxg7 Kxg7 14.b3 Rb8 15.e4 Qc7
16.Nd5 Bxd5 17.exd5 b5 18.cxb5 Rxb5 19.Nd4 Rc5 20.Nc6 Nb6 21.b4 Rc4 22.Rd4 Rxd4
23.Qxd4 e5 24.dxe6 fxe6 25.Rd1 Nd5 26.Bxd5 exd5 27.Na5 Re4 28.Qd2 Qb6 29.a3 Qb5
30.Nb3 Qe2 31.Kg2 Qxd2 32.Rxd2 Rc4 33.Nd4 Kf7 34.f3 Ke7 35.Kf2 Kd7 36.Ke2 Ne8
37.Kd3 Rc1 38.Nb3 Rf1 39.Nd4 Nc7 40.f4 Ra1 41.Nc2 Rb1 42.a4 Rb3+ 43.Ke2 Rb2
44.Kd3 Rb3+ 45.Ke2 Rb2 46.Kd1 Rb1+ 47.Ke2  1/2-1/2

[Event "US Open"]
[Site "Framingham USA"]
[Date "2001.08.07"]
[Round "4"]
[White "Foygel,I"]
[Black "Karatekin,T"]
[Result "1-0"]
[WhiteElo "2462"]
[BlackElo "2309"]

1.c4 Nf6 2.Nf3 c5 3.g3 b6 4.Bg2 Bb7 5.O-O g6 6.b3 Bg7 7.Bb2 d5 8.cxd5 Qxd5
9.Nc3 Qd7 10.d4 cxd4 11.Qxd4 O-O 12.Qh4 Na6 13.Ne5 Qc8 14.e4 Nd7 15.Nc4 Bf6
16.Qh6 Ne5 17.Nd5 Bxd5 18.exd5 Nxc4 19.Bxf6 exf6 20.Rac1 b5 21.bxc4 bxc4
22.Qf4 f5 23.Rxc4 Qd7 24.Rc6 Qb7 25.Qc4 Nb8 26.Rc7 Qa6 27.d6 Qxc4 28.Rxc4 Nd7
29.Bxa8 Rxa8 30.Rc7 Nb6 31.d7 Kf8 32.Rd1  1-0

[Event "12th Sueder Summer"]
[Site "Recklinghausen GER"]
[Date "2001.08.08"]
[Round "5"]
[White "Schebler,G"]
[Black "Rotstein,A"]
[Result "0-1"]
[WhiteElo "2485"]
[BlackElo "2499"]

1.Nf3 c5 2.c4 Nf6 3.g3 b6 4.Bg2 Bb7 5.O-O g6 6.b3 Bg7 7.Bb2 O-O 8.Nc3 Na6
9.d4 cxd4 10.Qxd4 Nc5 11.Rfd1 Nd5 12.Ne5 Nxc3 13.Qxc3 Bxg2 14.Kxg2 Qc7 15.Qe3 d6
16.Nd3 Nxd3 17.Bxg7 Nxf2 18.Bxf8 Nxd1 19.Qxe7 Qc6+ 20.Kg1 Qc5+ 21.e3 Nxe3
22.Qxd6 Rxf8  0-1

[Event "I American Continental"]
[Site "Cali COL"]
[Date "2001.08.10"]
[Round "1"]
[White "Sunye Neto,J"]
[Black "Burgos Figueroa,C"]
[Result "1-0"]
[WhiteElo "2558"]
[BlackElo "2159"]

1.c4 Nf6 2.Nf3 c5 3.g3 b6 4.Bg2 Bb7 5.O-O g6 6.Nc3 Bg7 7.d4 cxd4 8.Qxd4 O-O
9.Qh4 d6 10.Bh6 Nbd7 11.Rad1 Rc8 12.b3 Rc5 13.Bxg7 Kxg7 14.Rfe1 Qc8 15.Qd4 Ne5
16.Nxe5 dxe5 17.Qd3 Bxg2 18.Kxg2 h5 19.h4 e4 20.Nxe4 Qc6 21.f3 Nxe4 22.Qxe4 Qxe4
23.fxe4 Rfc8 24.Rd7 R8c7 25.Rxc7 Rxc7 26.Rd1 Kf6 27.Kf3 e6 28.Kf4 Ke7 29.e5 Rc5
30.a4 Rc7 31.Ke4 Rc5 32.Kd4 Ra5 33.Ra1 Rc5 34.a5 Rc7 35.axb6 axb6 36.Ra6 Rb7
37.b4 Rd7+ 38.Kc3 Rb7 39.b5 f6 40.exf6+ Kxf6 41.c5 bxc5 42.Kc4 Ke5 43.Kxc5 Rc7+
44.Rc6  1-0

[Event "US Open"]
[Site "Framingham USA"]
[Date "2001.08.10"]
[Round "7"]
[White "Readey,J"]
[Black "Epstein,E"]
[Result "1-0"]
[WhiteElo "2306"]
[BlackElo "2185"]

1.Nf3 Nf6 2.c4 b6 3.g3 c5 4.Bg2 Bb7 5.O-O g6 6.Nc3 Bg7 7.d4 cxd4 8.Qxd4 d6
9.Rd1 Nbd7 10.Be3 a6 11.Rac1 Rb8 12.b3 O-O 13.Qh4 Re8 14.Bh6 Nc5 15.Nd5 Nce4
16.Ng5 Bxh6 17.Qxh6 Bxd5 18.Rxd5 Nxg5 19.Rxg5 e5 20.Rc3 b5 21.Bd5 Nxd5 22.cxd5 e4
23.Rg4 Qe7 24.Rh4 f5 25.g4 fxg4 26.Rxg4 Qg7 27.Qxg7+ Kxg7 28.Rc7+ Kf6 29.Rxh7 e3
30.Rh6 exf2+ 31.Kxf2 Rg8 32.h4 Rbf8 33.Ke3 Ke5 34.Rg5+ Rf5 35.Rg4 Kxd5 36.Kd3 Ke5
37.h5 g5 38.Re4+ Kd5 39.Ree6 Kc5 40.Rxd6 Rd5+ 41.Rxd5+ Kxd5 42.Rxa6 Ke5 43.Rg6 Rd8+
44.Ke3 Kf5 45.Rb6 Re8+ 46.Kf2 Kg4 47.h6 Rf8+ 48.Kg1 Rh8 49.a4 bxa4 50.bxa4 Kh3
51.a5 g4 52.a6 Rh7 53.Rb3+ g3 54.Ra3  1-0

[Event "TCh-ESP Div 2"]
[Site "Vila Real ESP"]
[Date "2001.08.14"]
[Round "2"]
[White "Tebar Moreno,J"]
[Black "Sion Castro,M"]
[Result "0-1"]
[WhiteElo "2192"]
[BlackElo "2396"]

1.Nf3 Nf6 2.c4 c5 3.g3 b6 4.Bg2 Bb7 5.O-O g6 6.d4 cxd4 7.Qxd4 Bg7 8.Nc3 d6
9.h3 Nbd7 10.Be3 Rc8 11.Rac1 h6 12.b3 O-O 13.Qd2 Kh7 14.Ng5+ hxg5 15.Bxb7 Rb8
16.Bf3 Ne5 17.Bxg5 Nxf3+ 18.exf3 Qd7 19.Kg2 Rbc8 20.Rfe1 Rfe8 21.Ne4 Nxe4
22.Rxe4 Kg8 23.Rce1 e6 24.Rd1 Rc6 25.Qf4 f6 26.Bh6 g5 27.Bxg5 fxg5 28.Qxg5 Rf8
29.h4 Rf5 30.Qe3 d5 31.Rg4 Kh8 32.Qd3 d4 33.Re4 e5 34.Rde1 b5 35.g4 bxc4
36.bxc4 Rf8 37.g5 Qf7 38.h5 Kg8 39.h6 Bh8 40.Rc1 Qg6 41.Qb3 Rb6 42.Qa3 Rf5
43.c5 Rxg5+ 44.Kf1 Rb8 45.Ke2 Qc6 46.h7+ Kxh7 47.Qxa7+ Rb7 48.Rh4+ Kg6 49.Qa3 Bg7
50.Qd3+ Kf7 51.f4 exf4 52.Rxf4+ Ke7 53.Re4+ Kd8 54.Rc2 Rd7 55.Rh4 Rxc5 56.Rd2 Re7+
57.Kf1 Rc1+ 58.Rd1 Qc3 59.Kg2 Qxd3 60.Rxd3 Re2 61.Rg3 Bf6 62.Rh6 Be7 63.Rh5 Bc5
64.Rg7 Rcc2 65.Rh8+ Re8 66.Rhh7  0-1

[Event "TCh-Rep. Srpska"]
[Site "Jahorina BIH"]
[Date "2001.08.15"]
[Round "5"]
[White "Vujadinovic,G"]
[Black "Cabrilo,G"]
[Result "1/2-1/2"]
[WhiteElo "2374"]
[BlackElo "2497"]

1.Nf3 c5 2.c4 Nf6 3.g3 b6 4.Bg2 Bb7 5.O-O g6 6.b3 Bg7 7.Bb2 O-O 8.Nc3 Na6
9.e3 d5 10.Ne5 e6 11.d4 Qe7 12.cxd5 exd5 13.Qe2 Rad8 14.Rfd1 Nc7 15.Qc2 Ne6
16.f4 Rfe8 17.Bf3 cxd4  1/2-1/2

[Event "VI Cup IM"]
[Site "Paks HUN"]
[Date "2001.08.27"]
[Round "10"]
[White "Sebe,R"]
[Black "Szabo,K"]
[Result "1/2-1/2"]
[WhiteElo "2278"]
[BlackElo "2191"]

1.c4 c5 2.Nf3 b6 3.g3 Bb7 4.Bg2 Nf6 5.O-O g6 6.d3 Bg7 7.Nc3 O-O 8.e4 d6 9.a3 e5
10.b4 a5 11.b5 h5 12.h4  1/2-1/2

[Event "43rd Open"]
[Site "Imperia ITA"]
[Date "2001.09.06"]
[Round "6"]
[White "Chatalbashev,B"]
[Black "Sulava,N"]
[Result "1/2-1/2"]
[WhiteElo "2496"]
[BlackElo "2531"]

1.c4 Nf6 2.Nf3 c5 3.g3 b6 4.Bg2 Bb7 5.O-O g6 6.Nc3 Bg7 7.d4 cxd4 8.Nxd4 Bxg2
9.Kxg2 Qc7 10.b3 Qb7+ 11.f3 d5 12.cxd5 Nxd5 13.Nxd5 Qxd5 14.e3 Nc6 15.Nxc6 Qxc6  1/2-1/2

[Event "TCh-YUG"]
[Site "Herceg Novi YUG"]
[Date "2001.09.07"]
[Round "5"]
[White "Tadic,B"]
[Black "Marinkovic,Sl"]
[Result "1/2-1/2"]
[WhiteElo "2427"]
[BlackElo "2452"]

1.Nf3 Nf6 2.c4 b6 3.g3 c5 4.Bg2 Bb7 5.O-O g6 6.d4 cxd4 7.Qxd4 Bg7 8.Nc3 d6
9.Rd1 Nbd7 10.Be3 a6 11.Rac1 Rb8 12.b3 O-O 13.Qh4 Re8 14.Ne1 Bxg2 15.Nxg2 Qc7
16.Nf4 Qb7 17.Nfd5 Rbc8 18.Bg5 b5 19.cxb5 axb5 20.Nxf6+ Nxf6 21.Bxf6  1/2-1/2

[Event "TCh-YUG"]
[Site "Herceg Novi YUG"]
[Date "2001.09.09"]
[Round "7"]
[White "Vukic,M"]
[Black "Marinkovic,I"]
[Result "1-0"]
[WhiteElo "2471"]
[BlackElo "2441"]

1.Nf3 Nf6 2.g3 b6 3.Bg2 Bb7 4.O-O g6 5.c4 c5 6.Nc3 Bg7 7.d4 cxd4 8.Qxd4 d6
9.Be3 Nbd7 10.Rac1 Rc8 11.b3 O-O 12.Qd2 Nc5 13.Rfd1 Nce4 14.Nxe4 Nxe4 15.Qe1 Qd7
16.Nd4 Nf6 17.Nf3 Ne4 18.Qb4 Nc3 19.Rd2 Ne4 20.Rd3 Nc5 21.Rdd1 Rfd8 22.Ne1 h5
23.Bxc5 Rxc5 24.Nd3 Bxg2 25.Kxg2 Qb7+ 26.f3 Rc7 27.Nf2 Rdc8 28.Qd2 b5 29.cxb5 Qxb5
30.Kf1 Bc3 31.Qd3 Qa5 32.Rc2 Bf6 33.Rdc1 Rxc2 34.Rxc2 Rxc2 35.Qxc2 d5 36.e3 Kg7
37.Nd3 e6 38.Ke2 Qa3 39.f4 Kg8 40.h3 Kg7 41.Kf3 Qd6 42.g4 hxg4+ 43.hxg4 e5
44.fxe5 Bxe5 45.Nxe5 Qxe5 46.Qc5 Qf6+ 47.Kg3 Qe5+ 48.Kh3 a6 49.Qd4 Kf6 50.b4 Ke6
51.a4 Qc7 52.g5 Qc2 53.Qf6+ Kd7 54.Qxf7+ Kd6 55.Qf6+ Kd7 56.Qd4 Ke6 57.Kg3 Qb1
58.Qb6+ Ke7 59.Qb7+ Kf8 60.Qxd5 Qxb4 61.Qd8+ Kg7 62.Qd4+  1-0

[Event "6th ECCW"]
[Site "Belgrade YUG"]
[Date "2001.09.17"]
[Round "2"]
[White "Bogza,A"]
[Black "Kalevic,S"]
[Result "1/2-1/2"]
[WhiteElo "2290"]
[BlackElo "2219"]

1.Nf3 Nf6 2.g3 b6 3.Bg2 Bb7 4.c4 c5 5.O-O g6 6.b3 Bg7 7.Bb2 d6 8.Nc3 O-O
9.e3 Nbd7 10.Qe2 Ne4 11.Rac1 Nxc3 12.Bxc3 Bxc3 13.Rxc3 Ne5 14.d4 Nxf3+  1/2-1/2

[Event "6th ECCW"]
[Site "Belgrade YUG"]
[Date "2001.09.20"]
[Round "5"]
[White "Prudnikova,S"]
[Black "Kalevic,S"]
[Result "1-0"]
[WhiteElo "2406"]
[BlackElo "2219"]

1.Nf3 Nf6 2.c4 b6 3.g3 c5 4.Bg2 Bb7 5.O-O g6 6.Nc3 Bg7 7.d4 cxd4 8.Qxd4 d6
9.Rd1 Nbd7 10.Be3 Rc8 11.Rac1 O-O 12.Qh4 Re8 13.b3 Qc7 14.Bh3 Bxf3 15.exf3 Ne5
16.Bg2 Qc6 17.Ne4 Qc7 18.f4 Ned7 19.Nc3 Qb8 20.g4 a6 21.Bh3 Qb7 22.g5 Nh5
23.Bxd7 Qxd7 24.Nd5 Qf5 25.Nxb6 Rc6 26.Nd5 a5 27.h3 e6 28.Nc3 d5 29.Qg4 dxc4
30.Qxf5 gxf5 31.bxc4 Rxc4 32.Ne2 Ra4 33.Rc2 h6 34.Rd7 hxg5 35.fxg5 f4 36.Bd2 f3
37.Nc1 Be5 38.Nd3 Bd4 39.Ne1 Rb8 40.Nxf3 Rb1+ 41.Kg2 Bg7 42.g6 Nf4+ 43.Bxf4 Rxf4
44.Ng5  1-0

[Event "ECC"]
[Site "Panormo GRE"]
[Date "2001.09.24"]
[Round "2"]
[White "Miton,K"]
[Black "Sakaev,K"]
[Result "1/2-1/2"]
[WhiteElo "2516"]
[BlackElo "2630"]

1.Nf3 Nf6 2.c4 c5 3.g3 b6 4.Bg2 Bb7 5.O-O g6 6.Nc3 Bg7 7.d3 O-O 8.e4 d6 9.h3 Nc6
10.Be3 Rc8 11.Rc1 Nd7 12.b3 Nde5 13.Ne1 Nd4 14.Ne2 Nec6 15.Nxd4 cxd4 16.Bd2 Qd7
17.f4 f5 18.exf5 gxf5 19.Nf3 Rce8 20.Nh4 e6 21.Qh5 Nd8 22.Rce1 Bxg2 23.Kxg2 Nb7
24.g4 Nc5 25.gxf5 e5 26.fxe5 dxe5 27.Qf3 Bf6 28.Kh2 Bxh4 29.Qg4+ Kh8 30.Qxh4 Nxd3
31.Re2 e4 32.Bh6 Rxf5 33.Rxf5 Qxf5 34.Rg2 Qe5+ 35.Kh1 Rg8 36.Bg7+ Qxg7 37.Rxg7 Kxg7
38.Qg5+ Kf7 39.Qd5+ Kf8 40.Qxd4 Rg6 41.Kh2 Re6 42.Kg1 Kf7 43.Kf1 Kg6 44.Qg1+ Kf7
45.Ke2 a5 46.Ke3 Nc5 47.Qg5 h6 48.Qd5 Ke7 49.Qa8 Kd7 50.h4 Rd6 51.Qg8 Kc7
52.Qf7+ Rd7 53.Qf4+ Rd6 54.h5 Kc6 55.Ke2 Kc7 56.Qe5 Kd7 57.a3 Re6 58.Qd5+ Ke7
59.b4 axb4 60.axb4 Nd3 61.Qb7+ Kf6 62.Qb8 Kf5 63.Ke3 Ne5 64.Qf8+ Rf6 65.Qc8+ Re6
66.c5 bxc5 67.Qf8+ Rf6 68.Qxc5 Ke6 69.Qc8+ Ke7 70.Kxe4 Nd7 71.Qc7 Ke8 72.Kd5 Ke7
73.Kc4 Ke8 74.Kb3 Ke7 75.Qc2 Rf3+ 76.Ka4 Rf6 77.Qh7+ Kd8 78.Ka5 Ke8 79.b5 Kd8
80.Qe4 Rd6 81.Qh4+ Ke8 82.Qf4 Rf6 83.Qc7 Ke7 84.Kb4 Ke8 85.Kc4 Nb6+ 86.Kd4 Nd7
87.Ke4 Ke7  1/2-1/2